00801nam a22001935i 4500001000700000003000900007005001700016008004100033080001500074100002300089245014900112260014700261300003800408500002700446504002700473650003600500710003000536852004100566178636ES-MaACL20230906220557.0110609s1970 sp d |||| | spa d a616:391.911 aCamps Piera, Juan.10aValoración médico legal de los tatuajes / cresumen de la tesis presentada para aspirar al grado de doctor en medicina por Juan Camps Piera. aBarcelona : bUniversidad de Barcelona, Secretariado de Publicaciones, Intercambio Científico y Extensión Universitaria : bIvern, c1970. a23 p. : bil. bl. y n. ; c24 cm. aCub. tomada como port. aBibliografía: p. 23. aTatuajes-xAspectos sanitarios.2 aUniversidad de Barcelona. aES-MaACLjE-15361 (42) xOlim P-1374